000 00594 a2200181 4500
999 _c9253
_d9253
020 _a0702128058
050 0 0 _aKTL828 VIS 1993
100 1 _aVisser, P. J.
_eauthor
245 1 0 _aLaw of damages through the cases /
_cP.J. Visser and J.M. Potgieter.
264 _aCape Town :
_bJuta & Co.,
_c1993.
300 _axxviii, 527 p. ;
500 _aIncludes index
504 _aIncludes bibliographical references
650 0 _aDamages
_xCases.
700 1 _aPotgieter, J. M.
_eauthor
942 _2lcc
_cBK
_h828
_iVIS
_kKTL